|
|
|
|
| LEADER |
02478nam a2200349 a 4500 |
| 001 |
GR-Antirio1102 |
| 008 |
150116s2009 xxu g b 001 0 eng d |
| 020 |
|
|
|a 0073523291
|q (hbk.alk.paper)
|
| 020 |
|
|
|a 9780073523293
|q (hbk.alk.paper)
|
| 040 |
|
|
|a GrPaTEI
|b gre
|c GR-PaULI
|
| 040 |
|
|
|a GrPaTEI
|b gre
|c GR-PaULI
|
| 082 |
|
0 |
|a 006.76
|2 22
|
| 100 |
1 |
|
|a Pressman, Roger S.
|
| 245 |
1 |
0 |
|a Web engineering :
|b a practitioner's approch /
|c Roger S. Pressman, David Lowe.
|
| 260 |
|
|
|a Boston :
|b McGraw-Hill,
|c 2009
|
| 300 |
|
|
|a xiv, 458 σ. :
|b εικ.
|
| 504 |
|
|
|a Περιλαμβάνει βιβλιογραφίες και ευρετήριο.
|
| 650 |
|
0 |
|a Software engineering
|
| 650 |
1 |
0 |
|a Web services
|
| 650 |
1 |
0 |
|a Web site development
|
| 700 |
1 |
|
|a Lowe, David
|
| 710 |
0 |
|
|a McGraw-Hill
|
| 942 |
|
|
|2 ddc
|
| 952 |
|
|
|0 0
|1 0
|2 ddc
|4 0
|6 006_760000000000000_PRE
|7 0
|9 262941
|a LISK-2
|b LISK-2
|c BSC
|d 2021-01-17
|e 24
|f 0
|g 0.00
|l 0
|o 006.76 PRE
|p 2430000007561
|r 2021-01-17 00:00:00
|t 1
|w 2021-01-17
|y BK15
|x 20150116 0 ΧΑΣΑΝΗ 1
|x GrPaTEI - Antirrio
|
| 952 |
|
|
|0 0
|1 0
|2 ddc
|4 0
|6 006_760000000000000_PRE
|7 0
|9 262942
|a LISK-2
|b LISK-2
|c BSC
|d 2021-01-17
|e 24
|f 0
|g 0.00
|l 0
|o 006.76 PRE
|p 2430000007562
|r 2021-01-17 00:00:00
|t 1
|w 2021-01-17
|y BK15
|x 20150116 0 ΧΑΣΑΝΗ 1
|x GrPaTEI - Antirrio
|
| 952 |
|
|
|0 0
|1 0
|2 ddc
|4 0
|6 006_760000000000000_PRE
|7 0
|9 262943
|a LISK-2
|b LISK-2
|c BSC
|d 2021-01-17
|e 24
|f 0
|g 0.00
|l 0
|o 006.76 PRE
|p 2430000007563
|r 2021-01-17 00:00:00
|t 1
|w 2021-01-17
|y BK15
|x 20150116 0 ΧΑΣΑΝΗ 1
|x GrPaTEI - Antirrio
|
| 952 |
|
|
|0 0
|1 0
|2 ddc
|4 0
|6 006_760000000000000_PRE
|7 0
|9 262944
|a LISK-2
|b LISK-2
|c BSC
|d 2021-01-17
|e 24
|f 0
|g 0.00
|l 0
|o 006.76 PRE
|p 2430000007564
|r 2021-01-17 00:00:00
|t 1
|w 2021-01-17
|y BK15
|x 20150116 0 ΧΑΣΑΝΗ 1
|x GrPaTEI - Antirrio
|
| 952 |
|
|
|0 0
|1 0
|2 ddc
|4 0
|6 006_760000000000000_PRE
|7 0
|9 262945
|a LISK-2
|b LISK-2
|c BSC
|d 2021-01-17
|e 24
|f 0
|g 0.00
|l 0
|o 006.76 PRE
|p 2430000007565
|r 2021-01-17 00:00:00
|t 1
|w 2021-01-17
|y BK15
|x 20150116 0 ΧΑΣΑΝΗ 1
|x GrPaTEI - Antirrio
|
| 952 |
|
|
|0 0
|1 0
|2 ddc
|4 0
|6 006_760000000000000_PRE
|7 0
|9 262946
|a LISK-2
|b LISK-2
|c BSC
|d 2021-01-17
|e 24
|f 0
|g 0.00
|l 0
|o 006.76 PRE
|p 2430000007566
|r 2021-01-17 00:00:00
|t 1
|w 2021-01-17
|y BK15
|x 20150116 0 ΧΑΣΑΝΗ 1
|x GrPaTEI - Antirrio
|
| 952 |
|
|
|0 0
|1 0
|2 ddc
|4 0
|6 006_760000000000000_PRE
|7 0
|9 262947
|a LISK-2
|b LISK-2
|c BSC
|d 2021-01-17
|e 24
|f 0
|g 0.00
|l 0
|o 006.76 PRE
|p 2430000007567
|r 2021-01-17 00:00:00
|t 1
|w 2021-01-17
|y BK15
|x 20150116 0 ΧΑΣΑΝΗ 1
|x GrPaTEI - Antirrio
|
| 971 |
|
|
|a .b2570901x
|b 15-04-20
|c 12-09-16
|
| 999 |
|
|
|c 151441
|d 151441
|